书目信息 |
| 题名: |
交响音乐名作鉴赏
|
|
| 作者: | 胡企平 主编 ;金桥 副主编 | |
| 分册: | ||
| 出版信息: | 上海 上海音乐出版社 2001.08 |
|
| 页数: | 184页, [11] 页图版 | |
| 开本: | 26cm | |
| 丛书名: | ||
| 单 册: | ||
| 中图分类: | J627.7 | |
| 科图分类: | ||
| 主题词: | 交响乐--音乐欣赏--高等学校--教材 | |
| 电子资源: | ||
| ISBN: | 7-80667-021-1 | |
| 000 | 00758nam0 2200241 45 | |
| 001 | 192004004258 | |
| 005 | 20070905163302.21 | |
| 010 | @a7-80667-021-1@dCNY22.00 | |
| 100 | @a20070602d2001 ekmy0chiy0121 ea | |
| 101 | 0 | @achi |
| 102 | @aCN@b310000 | |
| 105 | @aacf a 000yy | |
| 200 | 1 | @a交响音乐名作鉴赏@Ajiao xiang yin yue ming zuo jian shang@f胡企平主编@g金桥副主编 |
| 210 | @a上海@c上海音乐出版社@d2001.08 | |
| 215 | @a184页, [11] 页图版@c图, 肖像@d26cm | |
| 320 | @a有书目 (第182页) | |
| 330 | @a本书向我们介绍了鉴赏交响音乐的历史知识和基本理论。 | |
| 606 | 0 | @a交响乐@x音乐欣赏@x高等学校@j教材 |
| 690 | @aJ627.7@v4 | |
| 701 | 0 | @a胡企平@Ahu qi ping@4主编 |
| 702 | 0 | @a金桥@Ajin qiao@4副主编 |
| 801 | 0 | @aCN@c20070905 |
| 905 | @dJ627.7@eH494 | |
| 交响音乐名作鉴赏/胡企平主编/金桥副主编.-上海:上海音乐出版社,2001.08 |
| 184页, [11] 页图版:图, 肖像;26cm |
| ISBN 7-80667-021-1:CNY22.00 |
| 本书向我们介绍了鉴赏交响音乐的历史知识和基本理论。 |
| ● |
| 相关链接 |
|
|
|
正题名:交响音乐名作鉴赏
索取号:J627.7/H494
 
预约/预借
| 序号 | 登录号 | 条形码 | 馆藏地/架位号 | 状态 | 备注 |
| 1 | 616582 | 206165825 | 社科库309/309社科库 93排1列4层/ [索取号:J627.7/H494] | 在馆 | |
| 2 | 616583 | 206165834 | 社科库309/309社科库 93排1列4层/ [索取号:J627.7/H494] | 在馆 | |
| 3 | 616584 | 206165843 | 社科库309/309社科库 93排1列4层/ [索取号:J627.7/H494] | 在馆 |